Arte integrativo y experimental : (Record no. 190689)

MARC details
000 -LEADER
campo de control de longitud fija 00783nam a2200193 i 4500
001 - NÚMERO DE CONTROL
campo de control 190689
003 - IDENTIFICADOR DE NÚMERO DE CONTROL
campo de control ES-MaACL
005 - FECHA Y HORA DE LA ÚLTIMA TRANSACCIÓN
campo de control 20250910063133.0
008 - DATOS DE LONGITUD FIJA--INFORMACIÓN GENERAL
campo de control de longitud fija 220510s2018 sp a 000 0 spa d
100 1# - ENTRADA PRINCIPAL--NOMBRE DE PERSONA
Nombre de persona Alonso Yáñez, Julio,
Fechas asociadas al nombre 1963-
9 (RLIN) 174427
245 13 - MENCIÓN DEL TÍTULO
Título Arte integrativo y experimental :
Resto del título escultura, collage y microinstalación : [exposición] del 15 de noviembre al 30 de diciembre de 2018 /
Mención de responsabilidad, etc. Julio Alonso Yáñez.
260 ## - PUBLICACIÓN, DISTRIBUCIÓN, ETC.
Lugar de publicación, distribución, etc. Madrid :
Nombre del editor, distribuidor, etc. Appa Art Gallery,
Fecha de publicación, distribución, etc. [2018]
300 ## - DESCRIPCIÓN FÍSICA
Extensión 28 p. :
Otras características físicas principalmente il. col. ;
Dimensiones 21 x 21 cm +
Material acompañante/anejo 1 tarjeta (21 x 15 cm)
600 14 - PUNTO DE ACCESO ADICIONAL DE MATERIA--NOMBRE DE PERSONA
Nombre de persona Alonso Yáñez, Julio,
Fechas asociadas al nombre 1963-
Subdivisión de forma Exposiciones
9 (RLIN) 174428
655 #7 - TERMINO DE INDIZACIÓN--GENERO/FORMA
Fuente del término tgfbne
9 (RLIN) 193628
Datos o término principal de género/forma Catálogos de exposiciones
852 4# - LOCALIZACIÓN
Ubicación ES-MaACL
Número de control de estantería 2343-F-7
942 ## - ELEMENTOS DE ENTRADA SECUNDARIOS (KOHA)
Fuente del sistema de clasificación o colocación Clasificación decimal universal
Holdings
Estatus retirado Estado de pérdida Estado de daño No para préstamo Colección Biblioteca de origen Biblioteca actual Ubicación en estantería Fecha de adquisición Fuente de adquisición Total de préstamos Signatura topográfica completa Código de barras Visto por última vez Precio de reemplazo Tipo de ítem Koha
        Colección de folletos Biblioteca del Ateneo de Madrid Biblioteca del Ateneo de Madrid Depósito folletos 10/05/2022     2343-F-7 1202922 23/02/2023 23/02/2023 Folleto